Southville International School and Colleges
Your cart is empty.
  • Cart
  • Lists
    Public lists Eva Luna New books Lux_list list_1
    Your lists Log in to create your own lists
  • Log in to your account
  • Your cookies
  • Search history
Southville International School and Colleges
  • Advanced search
  • Recent comments
  • Most popular
  • Libraries

Log in to your account

Log in with GOOGLE


If you do not have an external account, but do have a local account, you can still log in:

  1. Home
  2. MARC view: The adult learner :
Normal view MARC view ISBD view

The adult learner : (Record no. 283795)

[ view plain ]
MARC details
000 -LEADER
fixed length control field 00988cam a2200289 a 4500
001 - CONTROL NUMBER
control field 2928264
003 - CONTROL NUMBER IDENTIFIER
control field PILC
005 - DATE AND TIME OF LATEST TRANSACTION
control field 20150319132759.0
008 - FIXED-LENGTH DATA ELEMENTS--GENERAL INFORMATION
fixed length control field 891109s1990 txua b 001 0 eng
010 ## - LIBRARY OF CONGRESS CONTROL NUMBER
LC control number 89048697
020 ## - INTERNATIONAL STANDARD BOOK NUMBER
International Standard Book Number 0872010740
040 ## - CATALOGING SOURCE
Original cataloging agency DLC
Transcribing agency DLC
Modifying agency DLC
050 00 - LIBRARY OF CONGRESS CALL NUMBER
Classification number LC 5215
Item number .K59 1990
082 00 - DEWEY DECIMAL CLASSIFICATION NUMBER
Classification number 374
100 1# - MAIN ENTRY--PERSONAL NAME
Personal name Knowles, Malcolm S.
Fuller form of name (Malcolm Shepherd),
Dates associated with a name 1913-1997.
245 14 - TITLE STATEMENT
Title The adult learner :
Remainder of title a neglected species /
Statement of responsibility, etc Malcolm Knowles.
250 ## - EDITION STATEMENT
Edition statement 4th ed.
260 ## - PUBLICATION, DISTRIBUTION, ETC. (IMPRINT)
Place of publication, distribution, etc Houston :
Name of publisher, distributor, etc Gulf Pub. Co,
Date of publication, distribution, etc 1990.
300 ## - PHYSICAL DESCRIPTION
Extent x, 293 pages :
Other physical details illustrations ;
Dimensions 24 cm.
490 1# - SERIES STATEMENT
Series statement Building blocks of human potential
504 ## - BIBLIOGRAPHY, ETC. NOTE
Bibliography, etc Includes bibliographical references (p. 250-275).
650 #0 - SUBJECT ADDED ENTRY--TOPICAL TERM
Topical term or geographic name as entry element Adult education.
830 #0 - SERIES ADDED ENTRY--UNIFORM TITLE
Uniform title Building blocks of human potential series.
906 ## - LOCAL DATA ELEMENT F, LDF (RLIN)
a 7
b cbc
c orignew
d 1
e ocip
f 19
g y-gencatlg
942 ## - ADDED ENTRY ELEMENTS (KOHA)
Source of classification or shelving scheme Library of Congress Classification
Koha item type Books
Holdings
Withdrawn status Lost status Source of classification or shelving scheme Damaged status Home library Current library Shelving location Date acquired Source of acquisition Sub Shelving location Total Checkouts Full call number Barcode Date last seen Date checked out Price effective from Koha item type
    Library of Congress Classification   College Library College Library General Circulation Section 03/19/2015 Library Fund   1 LC 5215 .K59 1990 C19225 05/15/2018 03/03/2016 03/19/2015 Books

The adult learner :

APA

Knowles M. S., . (1990). The adult learner. Houston: Gulf Pub. Co.

Chicago

Knowles Malcolm S, . 1990. The adult learner. Houston: Gulf Pub. Co.

Harvard

Knowles M. S., . (1990). The adult learner. Houston: Gulf Pub. Co.

MLA

Knowles Malcolm S, . The adult learner. Houston: Gulf Pub. Co. 1990.

  • Place hold
  • Print
  • Cite
  • Add to your cart (remove)
  • Save record
    BIBTEX Dublin Core MARCXML MARC (non-Unicode/MARC-8) MARC (Unicode/UTF-8) MARC (Unicode/UTF-8, Standard) MODS (XML) RIS
  • More searches
    Search for this title in:
    Other Libraries (WorldCat) Other Databases (Google Scholar) Online Stores (Bookfinder.com) Open Library (openlibrary.org)

Exporting to Dublin Core...

SOUTHVILLE LIBRARY

Southville International School and Colleges Library

1281 Tropical Ave. Cor. Luxembourg St., BF Homes International, Las Pinas City

Tel. No. 8256374 / 252358 Loc. 117/146

Powered by Koha